Detalles MARC
| 000 -LEADER |
| fixed length control field |
02103nam a22003497a 4500 |
| 003 - CONTROL NUMBER IDENTIFIER |
| control field |
DO-SdBNP |
| 005 - DATE AND TIME OF LATEST TRANSACTION |
| control field |
20220310121851.0 |
| 007 - PHYSICAL DESCRIPTION FIXED FIELD--GENERAL INFORMATION |
| fixed length control field |
ta |
| 008 - FIXED-LENGTH DATA ELEMENTS--GENERAL INFORMATION |
| fixed length control field |
211203b2019 dr abc|| |||| 00| 0 spa d |
| 020 ## - INTERNATIONAL STANDARD BOOK NUMBER |
| International Standard Book Number |
9789945894684 |
| 040 ## - CATALOGING SOURCE |
| Original cataloging agency |
DO-SdBNP |
| Language of cataloging |
spa |
| Transcribing agency |
BPMSU |
| 082 #4 - DEWEY DECIMAL CLASSIFICATION NUMBER |
| Classification number |
972.9301 |
| Item number |
972.9301 L864p 2019 |
| Edition number |
22 |
| 100 1# - MAIN ENTRY--PERSONAL NAME |
| Personal name |
López Belando, Adolfo José |
| 242 ## - TRANSLATION OF TITLE BY CATALOGING AGENCY |
| Language code of translated title |
|
| 245 10 - TITLE STATEMENT |
| Title |
El poblado Taíno de Playa Grande : |
| Remainder of title |
informe arqueológico / |
| Statement of responsibility, etc. |
Adolfo López Belando ; presentación Luis Scheker Ortiz. |
| 246 ## - VARYING FORM OF TITLE |
| Title proper/short title |
Informe arqueológico |
| 260 ## - PUBLICATION, DISTRIBUTION, ETC. (IMPRINT) |
| Place of publication, distribution, etc. |
Santo Domingo : |
| Name of publisher, distributor, etc. |
Academia de Ciencias de la República Dominicana, |
| -- |
Shelley Foundation, |
| Date of publication, distribution, etc. |
2019. |
| 300 ## - PHYSICAL DESCRIPTION |
| Extent |
299 p. : |
| Other physical details |
il. ; |
| Dimensions |
26 cm. |
| 490 1# - SERIES STATEMENT |
| Series statement |
Publicaciones de la Academia de Ciencias de la República Dominicana |
| 500 ## - GENERAL NOTE |
| General note |
Incluye datos biográficos del autor en la contracubierta. |
| 504 ## - BIBLIOGRAPHY, ETC. NOTE |
| Bibliography, etc |
Bibliografía : p. 297-299 |
| 505 0# - FORMATTED CONTENTS NOTE |
| Formatted contents note |
Presentación -- Preámbulo -- Reconocimientos -- Introducción -- Antecedentes -- <br/>Desarrollo de los trabajos -- Áreas del establecimiento humano -- Playa Grande, Corte – 1 -- Playa Grande, Corte – 2 -- Playa Grande, Corte -- Playa Grande, Corte – 4 -- Playa Grande, Corte – 5 -- Playa Grande, Corte – 6 -- Playa Grande, Corte – 7 -- Playa Grande, Corte 7 (A-H) -- Playa Grande, Corte 8 -- Estudio estratigráfico de los Cortes 7 y 7 (A-H) -- Gráficos estadísticos de los materiales y los tipos -- Conclusiones de las excavaciones -- Herramientas obtenidas durante las excavaciones -- Producción de hachas de jadeíta -- Tipos cerámicos --Objetos con connotaciones rituales -- Objetos importados – Bibliografía.<br/> |
| 590 ## - LOCAL NOTE (RLIN) |
| Local note |
Inventariado, 2021 /LP<br/><br/> |
| 650 #4 - SUBJECT ADDED ENTRY--TOPICAL TERM |
| Topical term or geographic name as entry element |
Excavaciones (Arqueología) |
| Geographic subdivision |
República Dominicana |
| 650 #4 - SUBJECT ADDED ENTRY--TOPICAL TERM |
| Topical term or geographic name as entry element |
Taínos |
| 650 #4 - SUBJECT ADDED ENTRY--TOPICAL TERM |
| Topical term or geographic name as entry element |
Levantamiento arqueológico |
| Geographic subdivision |
Playa Grande (República Dominicana) |
| Form subdivision |
Informe |
| 651 #4 - SUBJECT ADDED ENTRY--GEOGRAPHIC NAME |
| Geographic name |
República Dominicana |
| General subdivision |
Antigüedades. |
| Form subdivision |
Informe |
| 700 1# - ADDED ENTRY--PERSONAL NAME |
| Personal name |
Scheker Ortiz, Luis, |
| Relator term |
presentación |
| 710 2# - ADDED ENTRY--CORPORATE NAME |
| Corporate name or jurisdiction name as entry element |
Academia de Ciencias de la República Dominicana |
| 910 ## - USER-OPTION DATA (OCLC) |
| User-option data |
VMateo V. |
| 942 ## - ADDED ENTRY ELEMENTS (KOHA) |
| Source of classification or shelving scheme |
Dewey Decimal Classification |
| Koha item type |
Libros |